00650nam a2200157Ia 4500008004100000100002300041245012900064245005800193260005300251260000900304300001100313650001500324856006100339999001900400952007300419170221s9999 xx 000 0 und d aJoel Tham Kah Marn aAntecedents of Strategic Planning of SMEs in Malaysia: The Influence of Ownership Motivations and Environmental Uncertainty  cJoel Tham Kah Marn, Cheng Wei Hin, Abdul Manaf Bohari bInternational Review of Management and Marketing c2016 a6 : 7S xMarketing. uhttp://www.econjournals.com/index.php/irmm/issue/view/91 c308110d308110 001040aCLbCLd2017-02-21l0r2017-02-21 00:00:00w2017-02-21yFOJ